02475nam a2200289 a 4500001001000000003000400010005001700014008003900031020001800070040002500088082002600113111004200139245019600181260007200377300004400449490010100493500007300594505096800667650006601635651007801701651008201779651008001861700002401941700004701965710007202012830010102084000047546OSt20250227073855.0090630s2017 dr r 000 0 spa d a9789945582482 aDO-SdBNPbspacBNPHU a330.97293bC744n 2016 aConcurso Biblioteca Juan Pablo Duarte10aNueva literatura económica dominicana :bpremios del Concurso de Economía Biblioteca "Juan Pablo Duarte" 2016 /cNerys F. Ramírez ... [et al.] ; edición José Alcántara Almánzar. aSanto Domingo :bBanco Central de la República Dominicana,c2017. axvi, 351 p. :bil., gráfcs. ;c23 cm.1 aBanco Central de la República Dominicana ;v237aNueva literatura económica dominicana ;v21 aIncluye referencias bibliográficas y notas al pie de las páginas0 aPresentación --tIntroducción --gPrimera parte --tDeterminantes del desempleo en la República Dominicana. Dinámica temporal y microsimulaciones/rNerys F. Ramírez --gSegunda parte :tAnálisis intertemporal de la hoja de balance de un banco central : el caso dominicano /rRaúl Ovalle Marte , Francisco A. Ramírez de León --gTercera parte :tUna estimación del costo en bienestar de la inflación para la República Dominicana/rOscar Iván Pascual VásquezgCuarta parte :tRiqueza e inclusión financiera : un acercamiento a los costos de exclusión financiera en la República Dominicana/rAna Emilia Pimentel Rodríguez, Carlos Alberto Delgado UrbáezgQuinta parte :tEducación financiera y la planificación para el retiro laboral en la República Dominicana : Análisis a partir de modelos de máxima verosimilitud para valiables cualitativos/rPilar del Carmen Dolores Mateo Mejía, Antonio María Giraldi Monción 4aFinanzasxRepública dominicanavCONGRESOS CONFERENCIAS,ETC. 4aRepública DominicaxPolítica EconómicavCONGRESOS CONFERENCIAS,ETC. 4aRepública DominicanaxCondiciones EconómicasvCONGRESOS CONFERENCIAS,ETC. 4aPolítica MonetariaxRepública DominicanavCONGRESOS, CONFERENCIAS, ETC.1 aRamírez, Nerys F.1 aAlcántara Almánzar, Joséd1946-eed.2 aBanco Central de la República Dominicana.bDepartamento Cultural. 0aBanco Central de la República Dominicana ;v237pNueva literatura económica dominicana ;n21